00994 2200301 4500001002100000005001500021035002000036007000300056008004100059020002200100040002200122082001600144084001800160090002200178100003700200245014400237250003400381300004700415650004000462850001200502504002800514264003200542336002100574337003000595338002300625999002200648990002200670INLIS00000000086845520220304095915 a0010-0322000121ta220304s2021 yoia g ind d a978-623-02-3333-3 aYOPDYOGbinderda04223a646.407 a646.407 SUP p aCB-D.11 2021-20140 aSuprihatiningsihd1964-epenulis10aPrakarya dan kewirausahaan tata busana di madrasah aliyah :bmerencanakan pembuatan busana dan menjahit busana /cpenulis, Suprihatiningsih aCetakan pertama, Agustus 2021 axii, 169 halaman :bgambar, tabel ;c25 cm 4aTata busana--xStudi dan pengajaran aYOPDYOG aBibliografi halaman 16731aSleman :bDeepublish,c2021 2rdacontentateks 2rdamediaatanpa perantara 2rdacarrieravolume aCB-D.11/2021-2014 aCB-D.11/2021-2014